Estadísticas para Capitales mundiales por letra - P

Haz click aquí para tomar la prueba!

Estadísticas generales

  • Esta prueba ha sido tomada 1,868 veces
    (1,862 desde el último reinicio)
  • La puntuación promedio es 9 de 16

Estadísticas de respuestas

País Capital % Correcto
FranciaParís
89%
República ChecaPraga
70%
SurinamParamaribo
69%
HaitíPuerto Príncipe
66%
ChinaPekín
64%
MontenegroPodgorica
60%
Corea del NortePionyang
60%
KosovoPristina
58%
Trinidad y TobagoPuerto España
56%
SudáfrucaPretoria
55%
Papua Nueva GuibeaPort Moresby
49%
BeninPorto-Novo
42%
Cabo VerdePraia
41%
VanuatuPort Vila
39%
MauricioPort Louis
38%
MicronesiaPalikir
38%

Distribución de puntuación

Porcentaje por número respondido

Porcentaje de gente con cada puntuación

Historial de tus puntuaciones

No has tomado esta prueba desde el último reinicio